Was hält heute Paare zusammen?: Bedingungen und Chancen für gelingende Partnerschaft aus der Sicht eines Eheberaters

Saved in:  
Bibliographic Details
Main Author: Hagedorn, Klaus 1954- (Author)
Format: Print Article
Language:German
Check availability: HBZ Gateway
Interlibrary Loan:Interlibrary Loan for the Fachinformationsdienste (Specialized Information Services in Germany)
Published: 1999
In: Bibel und Liturgie
Year: 1999, Volume: 72, Issue: 2, Pages: 85-91
Standardized Subjects / Keyword chains:B Love / Marriage / Marriage counseling
RelBib Classification:NCF Sexual ethics
RG Pastoral care
ZD Psychology

MARC

LEADER 00000caa a22000002c 4500
001 1640494014
003 DE-627
005 20220616111559.0
007 tu
008 160405s1999 xx ||||| 00| ||ger c
035 |a (DE-627)1640494014 
035 |a (DE-576)465037461 
035 |a (DE-599)BSZ465037461 
040 |a DE-627  |b ger  |c DE-627  |e rakwb 
041 |a ger 
084 |a 1  |2 ssgn 
100 1 |0 (DE-588)132403692  |0 (DE-627)522675018  |0 (DE-576)161267920  |4 aut  |a Hagedorn, Klaus  |d 1954- 
109 |a Hagedorn, Klaus 1954- 
245 1 0 |a Was hält heute Paare zusammen?  |b Bedingungen und Chancen für gelingende Partnerschaft aus der Sicht eines Eheberaters 
264 1 |c 1999 
336 |a Text  |b txt  |2 rdacontent 
337 |a ohne Hilfsmittel zu benutzen  |b n  |2 rdamedia 
338 |a Band  |b nc  |2 rdacarrier 
601 |a Partnerschaft 
652 |a NCF:RG:ZD 
689 0 0 |d s  |0 (DE-588)4035646-2  |0 (DE-627)104589647  |0 (DE-576)209013818  |2 gnd  |a Liebe 
689 0 1 |d s  |0 (DE-588)4013630-9  |0 (DE-627)106342541  |0 (DE-576)208904859  |2 gnd  |a Ehe 
689 0 2 |d s  |0 (DE-588)4139068-4  |0 (DE-627)105638013  |0 (DE-576)209691301  |2 gnd  |a Paarberatung 
689 0 |5 (DE-627) 
773 0 8 |i In  |t Bibel und Liturgie  |d Klosterneuburg : Österr. Kath. Bibelwerk, 1926  |g 72(1999), 2, Seite 85-91  |w (DE-627)16675739X  |w (DE-600)302060-5  |w (DE-576)01519440X  |x 0006-064X  |7 nnas 
773 1 8 |g volume:72  |g year:1999  |g number:2  |g pages:85-91 
935 |a mteo 
951 |a AR 
ELC |b 1 
ITA |a 1  |t 1 
LOK |0 000 xxxxxcx a22 zn 4500 
LOK |0 001 3302276702 
LOK |0 003 DE-627 
LOK |0 004 1640494014 
LOK |0 005 20160405122807 
LOK |0 008 160404||||||||||||||||ger||||||| 
LOK |0 040   |a DE-Tue135  |c DE-627  |d DE-Tue135 
LOK |0 092   |o n 
LOK |0 852   |a DE-Tue135 
LOK |0 852 1  |9 00 
LOK |0 935   |a ixzs  |a ixmi 
LOK |0 936ln  |0 1442052961  |a NCF 
LOK |0 936ln  |0 1442053194  |a RG 
LOK |0 936ln  |0 1442053747  |a ZD 
LOK |0 939   |a 04-04-16  |b l01 
ORI |a SA-MARC-ixtheoa001.raw 
REL |a 1 
STA 0 0 |a Love,Love,Agape,Love in art,Marriage counseling,Marriage,Marriage,Marital life,Matrimony,Married people,Marriage,Marriage in literature 
STB 0 0 |a Amour,Amour,Conseil conjugal,Mariage,Mariage,Couples,Psychologie du couple 
STC 0 0 |a Amor,Amor,Asesoramiento matrimonial,Matrimonio,Matrimonio,Matrimonio 
STD 0 0 |a Amore,Amore,Consulenza matrimoniale,Matrimonio,Matrimonio 
STE 0 0 |a 婚姻,婚姻,婚姻咨询,婚姻辅导,爱,爱 
STF 0 0 |a 婚姻,婚姻,婚姻諮詢,婚姻輔導,愛,愛 
STG 0 0 |a Aconselhamento matrimonial,Amor,Amor,Matrimônio,Matrimônio 
STH 0 0 |a Брак (мотив),Брак,Консультация по вопросам брака,Любовь (мотив),Любовь 
STI 0 0 |a Αγάπη (μοτίβο),Αγάπη,Γάμος (μοτίβο),Γάμος,Συμβουλευτική γάμου 
SUB |a REL 
SYG 0 0 |a Liebesempfindung,Liebesgefühl , Eheleben,Ehen , Partnerschaftsberatung,Eheberatung,Ehe